000 00290nam a22001337a 4500
008 170222b xxu||||| |||| 00| 0 eng d
020 _a9781607144755
041 _aeng
080 _23RD
_a616.31
100 _a5
101 _aSHS
245 _aDENTESSENTIALS
_cMANLEY, M.S
942 _2udc
_cBK
999 _c6017
_d6017